| 000 | 00668nam a2200217 a 4500 | ||
|---|---|---|---|
| 005 | 20240113063636.0 | ||
| 008 | 991125s1979 mx 000 0 spa u | ||
| 035 | _aUPN01000010380 | ||
| 049 | _aF | ||
| 050 | 4 |
_aHF5549 _bC87 no.2 1979 |
|
| 245 | 0 | 0 | _aComunicación. |
| 250 | _a4a ed. | ||
| 260 |
_aMéxico : _bARMO, _c1979. |
||
| 300 |
_a26 p. : _bil. |
||
| 440 | 0 |
_aCurso de relaciones humanas en las funciones del supervisor ; _v2 |
|
| 500 | _aAdaptación de: Comunicación en uno y en dos sentidos / J. W. Pfeiffer y J. E. Jones | ||
| 500 | _aDatos tomados de la cubierta | ||
| 650 | 4 |
_aComunicación _99285 |
|
| 650 | 2 |
_aSupervisores _96424 |
|
| 905 | _aLibro | ||
| 999 |
_c10380 _d10380 |
||